Normal view MARC view
  • Johanna.J etal

Entry Personal Name

Number of records used in: 2

001 - CONTROL NUMBER

  • control field: 3035

003 - CONTROL NUMBER IDENTIFIER

  • control field: OSt

005 - DATE AND TIME OF LATEST TRANSACTION

  • control field: 20170306134412.0

008 - FIXED-LENGTH DATA ELEMENTS

  • fixed length control field: 170306|| aca||aabn | a|a d

040 ## - CATALOGING SOURCE

  • Original cataloging agency: OSt

100 ## - HEADING--PERSONAL NAME

  • Personal name: Johanna.J etal

Powered by Koha